Największe miasta w Nigerii - Statystyki

Ogólne statystyki
  • Ten quiz został rozwiązany 33 razy
  • Średni wynik to 5 z 10
Statystyki odpowiedzi
Ludność Miasto % Poprawnych
9 968 455 Lagos
100%
1 352 679 Abudż
94%
2 376 372 Kano
77%
5 175 223 Ibadan
65%
2 406 697 Benin
48%
2 100 711 Port Harcourt
32%
1 126 195 Maiduguri
29%
1 084 681 Ilorin
23%
2 061 175 Kaduna
19%
1 597 296 Aba
13%
Nie znaleziono quizów pasujących do podanych kryteriów
Rozkład punktacji
Procent ludzi z każdym wynikiem
Percentyl według liczby udzielonych odpowiedzi
Twoja historia wyników
Nie rozwiązałeś tego quizu